Bibliografía de las primeras ediciones de los proyectos de códigos para Chile, de las actas de sesiones de sus comisiones redactoras o revisoras y de los códigos promulgados, hasta 1906
Uloženo v:
| Hlavní autor: | |
|---|---|
| Médium: | Kniha |
| Jazyk: | španělština |
| Vydáno: |
Valparaíso
Universitarias de Valparaíso
1991
|
| Témata: | |
| Tagy: |
Přidat tag
Žádné tagy, Buďte první, kdo vytvoří štítek k tomuto záznamu!
|
MARC
| LEADER | 00000cam a2200000 a 4500 | ||
|---|---|---|---|
| 001 | UCF9115 | ||
| 003 | CL-VaPUC | ||
| 008 | 131025e19910000cl |||||||||||||||||spa|d | ||
| 082 | 0 | 4 | |a 340.109 |b GUZ |2 21 |
| 100 | |a Guzmán Brito, Alejandro Ángel |e autor |9 388 | ||
| 245 | 1 | 0 | |a Bibliografía de las primeras ediciones de los proyectos de códigos para Chile, de las actas de sesiones de sus comisiones redactoras o revisoras y de los códigos promulgados, hasta 1906 |
| 300 | |a p. 335-358 | ||
| 942 | |c BK | ||
| 945 | |d 20131025 12:28:00 |a cmena | ||
| 260 | |a Valparaíso |b Universitarias de Valparaíso |c 1991 | ||
| 500 | |a Trabajo corresponde a Separata de Revista de Estudios Histórico-Jurídicos, XIV, 1991 | ||
| 650 | 7 | |a DERECHO CHILENO |2 CL-VaPUC |9 571332 | |
| 650 | 7 | |a PROYECTOS DE LEY |2 CL-VaPUC |9 388710 | |
| 650 | 0 | |a Bibliografías |9 257071 | |
| 583 | |a last modification |c 20131025 12:28:00 |k Rodrigo Vera | ||
| 999 | |c 353600 |d 353598 | ||
| 952 | |0 0 |1 0 |2 ddc |3 erb |4 0 |5 1 |6 340_109000000000000_GUZ_1991 |7 1 |8 C_LRYV |9 458935 |a FDOBRV |b BIBDER |d 2019-11-23 |i 5020832 |o 340.109 GUZ 1991 |p 5020832 |r 2019-11-23 |w 2019-11-23 |y BK_X |z Catalogado en:20131025 |k BRV | ||